Statistics for Rolling Stone's 200 Greatest Singers of All Time

Click here to take the quiz!

General Stats

  • This quiz has been taken 87 times
  • The average score is 74 of 200

Answer Stats

NumberSongArtist% Correct
12ImagineJohn Lennon
96%
1RespectAretha Franklin
94%
14Bohemian RhapsodyFreddie Mercury
94%
17Jailhouse RockElvis Presley
93%
184Heads Will RollKaren O
93%
2I Will Always Love YouWhitney Houston
93%
5All I Want for Christmas Is YouMariah Carey
92%
26YesterdayPaul McCartney
92%
100Goodbye Yellow Brick RoadElton John
89%
86BadMichael Jackson
87%
15Blowin' in the WindBob Dylan
83%
19My WayFrank Sinatra
83%
28Take My Hand, Precious LordMahalia Jackson
83%
68UmbrellaRihanna
83%
149Let's Have a PartyWanda Jackson
83%
20I Heard It Through the GrapevineMarvin Gaye
82%
8HaloBeyoncé
80%
98No Woman No CryBob Marley
80%
27JoleneDolly Parton
80%
62Careless WhisperGeorge Michael
79%
44I Got You (I Feel Good)James Brown
79%
52Paint It, BlackMick Jagger
79%
134Sweet Child o' MineAxl Rose
77%
36Come As You AreKurt Cobain
77%
58Bad RomanceLady Gaga
77%
39What A Wonderful WorldLouis Armstrong
77%
22Set Fire to the RainAdele
76%
77Born to RunBruce Springsteen
75%
67Sitting and WatchingDennis Brown
75%
16Raspberry BeretPrince
75%
146I Don't KnowRuth Brown
75%
7Isn't She LovelyStevie Wonder
75%
9(Sittin' On) the Dock of the BayOtis Redding
73%
6Georgia on My MindRay Charles
73%
82Don't Stop Believin'Steve Perry
72%
103HallelujahLeonard Cohen
70%
83RehabAmy Winehouse
69%
141Genie In a BottleChristina Aguilera
69%
55Proud MaryTina Turner
69%
140Pride (In the Name of Love)Bono
68%
71Oh, Pretty WomanRoy Orbison
68%
32ChangesDavid Bowie
66%
112Crazy TrainOzzy Osbourne
66%
118Fortunate SonJohn Fogerty
63%
11Good Golly Miss MollyLittle Richard
63%
157Friday I'm in LoveRobert Smith
63%
49Maggie MayRod Stewart
63%
85Folsom Prison BluesJohnny Cash
62%
117Because the NightPatti Smith
62%
165StargazerRonnie James Dio
62%
54On the Road AgainWillie Nelson
62%
33Nobody Knows You When You're Down and OutBessie Smith
61%
34CreepThom Yorke
61%
57God Only KnowsBrian Wilson
59%
3A Change Is Gonna ComeSam Cooke
59%
154Runaround SueDion
58%
60Running Up That HillKate Bush
58%
194Since U Been GoneKelly Clarkson
58%
63KashmirRobert Plant
58%
168Heart of GlassDebbie Harry
56%
87I'm Coming OutDiana Ross
56%
121I Get The Sweetest FeelingJackie Wilson
56%
109Won't Get Fooled AgainRoger Daltrey
56%
10Let's Stay TogetherAl Green
55%
106Lean On MeBill Withers
55%
107Walk On the Wild SideLou Reed
55%
51Smooth OperatorSade
55%
102Anti-HeroTaylor Swift
55%
152Everybody HurtsMichael Stipe
54%
23Tears of a ClownSmokey Robinson
54%
105Even FlowEddie Vedder
52%
50Big Yellow TaxiJoni Mitchell
52%
41At LastEtta James
51%
101Midnight Train to GeorgiaGladys Knight
51%
37Into the MysticVan Morrison
49%
161Rockin' Around the Christmas TreeBrenda Lee
48%
122Hot StuffDonna Summer
48%
30Hey, Good Lookin'Hank Williams
48%
78Mercedes BenzJanis Joplin
48%
93Edge of SeventeenStevie Nicks
46%
181Night MovesBob Seger
45%
96You Never Can TellChuck Berry
45%
110Can't Feel My FaceThe Weeknd
45%
97Yeah!USHER
45%
79Orphan GirlEmmylou Harris
44%
133Southern ManNeil Young
44%
13CrazyPatsy Cline
42%
4Strange FruitBillie Holiday
41%
174EverydayBuddy Holly
41%
131HallelujahJeff Buckley
41%
48Un-Break My HeartToni Braxton
41%
56Can't Get Enough Of Your Love, BabeBarry White
39%
120The Most Beautiful GirlCharlie Rich
39%
123(They Long to Be) Close to YouKaren Carpenter
39%
43God Is a WomanAriana Grande
38%
24He Stopped Lovin' Her TodayGeorge Jones
37%
29I'm Every WomanChaka Khan
35%
175Summertime SadnessLana Del Rey
35%
47Blue BayouLinda Ronstadt
35%
91Mere Rashke QamarNusrat Fateh Ali Khan
34%
25Family AffairMary J. Blige
32%
136Ready or NotMs. Lauryn Hill
32%
72Mannish BoyMuddy Waters
31%
124Sweet Home ChicagoRobert Johnson
31%
176The PassengerIggy Pop
30%
76In the Midnight HourWilson Pickett
30%
147Woman in LoveBarbara Streisand
27%
158Jesus, Take the WheelCarrie Underwood
27%
187Something to Talk AboutBonnie Raitt
25%
114Don't Get Me WrongChrissie Hynde
25%
66My GirlDavid Ruffin
25%
35I Only Wanna Be With YouDusty Springfield
25%
38Move on UpCurtis Mayfield
24%
128Dog Days Are OverFlorence Welch
24%
150Slave To LoveBryan Ferry
23%
185If I Ain't Got YouAlicia Keys
21%
198Ocean EyesBillie Eilish
21%
170Tennessee WhiskeyChris Stapleton
21%
45Dream a Little Dream of MeElla Fitzgerald
21%
130Miss NarcissistCourtney Love
20%
144Christmas (Baby Please Come Home)Darlene Love
20%
148The Night They Drove Old Dixie DownLevon Helm
20%
151Dancing in the StreetMartha Reeves
20%
166SuedeheadMorrissey
20%
21SinnermanNina Simone
20%
88Kisses Sweeter Than WineJimmie Rodgers
18%
132Louisiana Woman, Mississippi ManLoretta Lynn
18%
89Amor ProhibidoSelena
18%
80Burden in My HandChris Cornell
17%
125Armagideon TimeJoe Strummer
17%
65Loving YouMinnie Riperton
17%
31Never Too MuchLuther Vandross
15%
190Pink + WhiteFrank Ocean
14%
59Smokestack Lightnin'Howlin' Wolf
14%
189Diamonds And RustJoan Baez
14%
74On My OwnPatti LaBelle
14%
180Kill BillSZA
14%
92Sweet LoveAnita Baker
13%
138Pancho and LeftyMerle Haggard
13%
40Are You That SomebodyAaliyah
11%
116I Fall In Love Too EasilyChet Baker
11%
156Check Yes Or NoGeorge Strait
11%
81Garota de IpanemaJoão Gilberto
11%
173The Ballad Of Lucy JordanMarianne Faithfull
11%
129PainkillerRob Halford
11%
104Tell It Like It IsAaron Neville
10%
172Abrázame Muy FuerteJuan Gabriel
10%
46I'll Take You ThereMavis Staples
10%
183Everybody Needs Somebody to LoveSolomon Burke
10%
697 SecondsYoussou N'Dour
10%
64Army of MeBjörk
8%
197Last LastBurna Boy
8%
70Be My BabyRonnie Spector
8%
200BESORosalía
8%
127Your Good Girl's Gonna Go BadTammy Wynette
8%
18GuantanameraCelia Cruz
7%
167Vivir Mi VidaMarc Anthony
7%
99A Lover's QuestionClyde McPhatter
6%
126Jealous GuyDonny Hathaway
6%
115On & OnErykah Badu
6%
111Paper BagFiona Apple
6%
53Pata PataMiriam Makeba
6%
193I Wanna Be DownBrandy
4%
155Modern GirlCorin Tucker
4%
196I Will DarePaul Westerberg
4%
94Pressure DropToots Hibbert
4%
163I'll Take Care Of YouBobby "Blue" Bland
3%
137All This LoveEl DeBarge
3%
191Left and RightJung Kook
3%
164It'll Take A Long TimeSandy Denny
3%
169I Need YouSylvester
3%
192Hope There's SomeoneANOHNI
1%
119Here I ComeBarrington Levy
1%
108Sonho MeuCaetano Veloso
1%
75Brown SugarD'Angelo
1%
188Water No Get EnemyFela Kuti
1%
162Le temps de l'amourFrançoise Hardy
1%
90Sua EstupidezGal Costa
1%
135CelebrityIU
1%
182Bust Your WindowsJazmine Sullivan
1%
143Sweep Over My SoulLuciano
1%
179Gonna Make You Sweat (Everybody Dance Now)Martha Walsh
1%
186Im Nin AluOfra Haza
1%
177I Don't Need Your Rockin' ChairPatty Loveless
1%
145This Mess We're InPJ Harvey
1%
142Betcha by Golly WowRussell Thompkins, Jr.
1%
42Close the DoorTeddy Pendergrass
1%
61Alf Leila We LeilaUmm Kulthum
1%
95El ReyVicente Fernandez
1%
199Hybrid MomentsGlenn Danzig
0%
73El Día De Mi SuerteHéctor Lavoe
0%
113Mi Mayor VenganzaLa India
0%
84Mere Khwabon MeinLata Mangeshkar
0%
153Awuthule KancaneMahlathini
0%
160Zona de PromesasMercedes Sosa
0%
159Coffee BluesMississippi John Hurt
0%
171Hit Or MissOdetta
0%
195I Am a PoseurPoly Styrene
0%
139Como Tu MujerRocío Dúrcal
0%
178Hafi DeoTabu Ley Rochereau
0%

Score Distribution

Percentile by Number Answered

Percent of People with Each Score

Your Score History

You have not taken this quiz